Normal view
MARC view
- Prakash, J.
Entry Personal Name
001 - CONTROL NUMBER
- control field: 1265
003 - CONTROL NUMBER IDENTIFIER
- control field: OSt
005 - DATE AND TIME OF LATEST TRANSACTION
- control field: 20160823104316.0
008 - FIXED-LENGTH DATA ELEMENTS
- fixed length control field: 160823|| aca||aabn | a|a d
040 ## - CATALOGING SOURCE
- Original cataloging agency: OSt
- Transcribing agency: OSt
100 ## - HEADING--PERSONAL NAME
- Personal name: Prakash, J.
670 ## - SOURCE DATA FOUND
- Source citation: Work cat.: (OSt)12969: Garg, H.P; . 1264, Solar Energy: Fundamentals and Application / , 2013
